000 00518cam a2200169 a 4500
020 _a0256103461
020 _a0256108307 (international ed.)
040 _cDLC
082 0 0 _a658 IRW 1993 A055 Or.
100 1 _aO'Brien, James A.,
245 1 0 _aManagement information systems :
_ba managerial end user perspective /
250 _a2nd ed.
260 _aHomewood, IL :
_bIrwin,
_cc1993.
300 _a1 v. (various pagings) :
_bcol. ill., col. map ;
_c26 cm.
650 0 _aManagement information systems.
942 _cEK
999 _c15303
_d15303